Development of Accounting Rules for Insures in the Slovak Republic

Pohľad na vývoj účtovných pravidiel platných pre slovenské poisťovne.

Saved in:
Bibliographic Details
Main Author: Mokošová, Daša, 1979-
Format: Book Chapter
Language:English
Subjects:
Tags: Add Tag
No Tags, Be the first to tag this record!

MARC

LEADER 00000naa a2200000 4500
001 0240123
005 20240502073909.4
041 0 |a eng 
044 |a SK 
245 1 0 |a Development of Accounting Rules for Insures in the Slovak Republic  |c Daša Mokošová 
520 |a Pohľad na vývoj účtovných pravidiel platných pre slovenské poisťovne. 
610 2 0 |a pravidlá účtovné 
610 2 0 |a Slovensko 
610 2 0 |a poisťovne 
610 2 0 |a štandardy účtovné medzinárodné 
100 1 |a Mokošová, Daša, 1979-